MARC

Tag First Indicator Second Indicator Subfields
LEADER 00000cam a2200000 a 4500
001 in00000066209
005 20240319124444.0
008 720410s1899 nyudf b 001 0 eng d
010 |a a 10002319  
016 |a (AMICUS)000011648185 
019 |a 6297430  |a 976480010  |a 1156418766  |a 1221867270 
029 1 |a AU@  |b 000009567005 
029 1 |a DEBBG  |b BV009190107 
029 1 |a DEBBG  |b BV022124133 
029 1 |a DEBSZ  |b 099570157 
029 1 |a GEBAY  |b 8120643 
029 1 |a NLC  |b 000011648185 
029 1 |a NLGGC  |b 191703710 
035 |a (OCoLC)ocm00279513  
035 |a (OCoLC)279513  |z (OCoLC)6297430  |z (OCoLC)976480010  |z (OCoLC)1156418766  |z (OCoLC)1221867270 
035 |a (OCoLC)ocm00279513  
040 |a YNG  |b eng  |c YNG  |d OCL  |d GZM  |d OCLCQ  |d OCLCG  |d SYB  |d AMAZN  |d TXA  |d UBA  |d BAKER  |d KRTAS  |d DEBBG  |d VA@  |d OCLCQ  |d ORU  |d OCLCF  |d OCLCQ  |d OCL  |d CNUTO  |d NLC  |d OCLCQ  |d TYC  |d OCLCQ  |d CNO  |d OCLCO  |d OCLCQ  |d OCLCA  |d YUS  |d OCLCO  |d OCLCQ  |d OCLCA  |d OCLCQ  |d OCLCL 
050 4 |a H31  |b .C7 no.29 
055 0 1 |a H31 
082 0 4 |a 323.352 
084 |a QM 100  |2 rvk 
100 1 |a Weber, Adna Ferrin,  |d 1870-1968.  |1 https://id.oclc.org/worldcat/entity/E39PBJqFQjcQHgy4H3F6QByjmd 
245 1 4 |a The growth of cities in the nineteenth century :  |b a study in statistics /  |c by Adna Ferrin Weber. 
260 |a New York :  |b Pub. for Columbia University by the Macmillan Co.,  |c 1899. 
300 |a xvi, 495 pages, 1 unnumbered leaf of plates :  |b charts ;  |c 24 cm 
336 |a text  |b txt  |2 rdacontent 
337 |a unmediated  |b n  |2 rdamedia 
338 |a volume  |b nc  |2 rdacarrier 
490 1 |a Studies in history, economics, and public law ;  |v v. 11 = whole no. 29 
500 |a Originally issued as a doctor's dissertation, Columbia University, 1899. 
504 |a Includes bibliographical references (pages 476-478)-and indexes. 
583 |a commitment to retain  |c 20151204  |2 pda  |5 OTUTLD 
650 0 |a Cities and towns  |x Growth  |x History  |y 19th century. 
650 0 |a City dwellers  |x History  |y 19th century. 
650 6 |a Villes  |x Croissance  |x Histoire  |y 19e siècle. 
650 6 |a Citadins  |x Histoire  |y 19e siècle. 
650 7 |a Cities and towns  |x Growth.  |2 fast  |0 (OCoLC)fst00861781 
650 7 |a City dwellers.  |2 fast  |0 (OCoLC)fst00862131 
650 7 |a Stadt  |2 gnd 
650 7 |a Wachstum  |2 gnd 
650 7 |a Stadterweiterung  |2 gnd 
650 7 |a Populacao.  |2 larpcal 
648 7 |a 1800-1899  |2 fast 
648 7 |a Geschichte 1801.  |2 swd 
655 7 |a History.  |2 fast  |0 (OCoLC)fst01411628 
655 7 |a Annotations (Provenance)  |y 20th century.  |2 rbprov  |5 CtY-BR 
758 |i has work:  |a The growth of cities in the nineteenth century (Text)  |1 https://id.oclc.org/worldcat/entity/E39PCFTx3cQkTppPfwHkj3XKMK  |4 https://id.oclc.org/worldcat/ontology/hasWork 
776 0 8 |i Online version:  |a Weber, Adna Ferrin, 1870-1968.  |t Growth of cities in the nineteenth century.  |d New York : Pub. for Columbia University by the Macmillan Co., 1899  |w (OCoLC)602927521 
830 0 |a Studies in history, economics, and public law ;  |v no. 29. 
938 |a AMAZON  |b AMZN  |n B002IFSPTS 
938 |a Baker & Taylor  |b BKTY  |c 40.95  |d 36.86  |i 1430498552  |n 0007305391  |s active 
938 |a Kirtas Technologies, Inc.  |b KRTS  |n 366715 
948 |h HELD BY TXA - 221 OTHER HOLDINGS 
994 |a Z0  |b TXA 
999 f f |s 059e0f8d-2cb8-34f9-8db0-683d4f184702  |i 7770c01f-519f-313c-aecf-f7c3b9797838  |t 0 
952 f f |p ric  |a Texas A&M University  |b Rellis Campus  |c Joint Library Facility  |d Remote Storage  |t 0  |e HT151 .W52  |h Library of Congress classification  |i unmediated -- volume  |m A14800796242 
998 f f |a HT151 .W52  |t 0  |l Remote Storage